000 00867nam a2200205 4500
001 122484
003 ES-MaACL
005 20230906192003.0
007 t|
008 070214s1973 sp r ||||1| spa d
111 2 _aCurso de Altos Estudios Cooperativos (
_cSantander (
_d1972) (
_n. 2º)
_9218902
245 1 4 _aLos principios cooperativos y la Europa Comunitaria
_b: [Memoria y ponencias] /
_cII Curso de Altos Estudios Cooperativos... Santander, 17-29 julio 1972.
260 _aZaragoza :
_bEscuela Gerentes Cooperativos. Obra Sindical Cooperación, Centro Nacional de Educación Cooperativa,
_c1973.
300 _a501 p. ;
_c22 cm.
490 1 _aCuadernos Cooperativos ;
_v5
710 2 _aEscuela de Gerentes Cooperativos (Zaragoza)
_93544
830 0 _aCuadernos Cooperativos ;
_v5
_9218848
852 _aES-MaACL
_jC-54002
_bR.86887
999 _c122484
_d122484